000 00647nam a2200241Ia 4500
003 OSt
005 20220918193010.0
006 a|||||r|||| 00| 0
007 ta
008 220917b |||||||| |||| 00| 0 eng d
024 _a71,434
037 _cTextual
040 _aARTS
_cARTS
_beng
041 _2eng
_aeng
082 _aR3xM891:g(B), M0
100 _aWright C
_980815
245 0 _aWittegenstein on the foundations of mathematics
260 _aLondon
_bGerald Duckworth
_c1980
300 _axix, 481p.
_ccm.
650 _aPHILOSOPHY
942 _hR3xM891:g(B), M0
_cTEXL
_2CC
999 _c197507
_d197507